000 00514nmm a2200193Ia 4500
008 251105s9999||||xx |||||||||||||||||und||
020 _a9788415952268
041 _aspa
100 _aBanks, Maya
245 0 _aDéjate llevar
264 _a[Madrid, España] :
_bTerciopelo,
_c2014
300 _a284 páginas
490 _aTrilogía Rendición
650 _aErotic novel
700 _aBanks, Maya
700 1 _a Rabascall, Iolanda
856 _uhttps://public.digitaliapublishing.com/a/32517
942 _cCF
999 _c62456
_d62456